Quizzes
Events
Quiz Creation
Community
Videos
Private Events
Remove Ads
Sign In
Join for FREE
Feedback
Dark Mode
Quiz Categories
Sports
Geography
Music
Movies
Television
Just For Fun
Miscellaneous
History
Literature
Language
Science
Gaming
Entertainment
Religion
Holiday
For Kids
Quiz Lab
Recent
Popular Today
Quiz Kudos Today
Editor Picks
Curator Picks
Quizzes by...
Day
Popularity
Type
Ratings
Length
Year
Community
Subscriptions
Recent Discussions
Orange Saloon
Badges
Playlists
Quests
Create
Leaderboards
Showdown
Live 5
Trivia Bingo
Activity
Puzzle Library
Sporcle Events
Private Events
Virtual Trivia
Globe League
Become a Host
Pub Owners
SporcleCon
Opinionation
Our Games
Videos
Blog
Mobile Apps
Partnerships
Remove Ads and Go Orange
Feedback
Sports
Athletes
MLB
NBA
NHL
NFL
Soccer
Sports Teams
WWE
NCAA
Football
Premier League
Basketball
Baseball
Hockey
Golf
Tennis
Cricket
Rugby
Auto Racing
Olympics
World Cup
Sports
Athletes
MLB
NBA
NHL
NFL
Soccer
Sports Teams
WWE
NCAA
Football
Premier League
Basketball
Baseball
Hockey
Golf
Tennis
Cricket
Rugby
Auto Racing
Olympics
World Cup
Random Quiz
Search Sporcle
×
Quiz Lab
Quiz Lab
Sports
Type in answers that appear in a list
Type in answers that appear in a list
Classic
Best Score? Go Orange.
NBA scoring leaders by birth hemisphere Stats
Can you name the NBA scoring leaders by birth hemisphere?
By
cloycebox
8m
40 Questions
144 Plays
144 Plays
144 Plays
Comments
Comments
Give Quiz Kudos
Give Quiz Kudos
-
- Ratings
hide this ad
More Info
Replay
Link that replays current quiz
Next Quiz
Link to next quiz in quiz playlist
You Got
0%
They Got
Avg Score
62%
Avg Friend Score
Upgrade to see
Score Distribution
Jump to the score distribution portion of the page
Score
0/40
Timer
08:00
0
Plays Today
birth nation
% Correct
Northern
Michael Jordan
92.4%
Western
Michael Jordan
92.4%
Eastern
Dirk Nowitzki
90.3%
Northern
Karl Malone
87.5%
Northern
Wilt Chamberlain
87.5%
Western
Karl Malone
87.5%
Western
Wilt Chamberlain
87.5%
Northern
Kareem Abdul Jabbar
86.8%
Northern
Moses Malone
86.8%
Western
Kareem Abdul Jabbar
86.8%
Western
Moses Malone
86.8%
Northern
Hakeem Olajuwon
84%
Eastern
Hakeem Olajuwon
84%
Western
Kobe Bryant
81.9%
Northern
Shaquille O'Neal
79.9%
Western
Shaquille O'Neal
79.9%
Southern
Manu Ginobili
77.8%
Eastern
Pau Gasol
69.4%
Southern
Dikembe Mutombo
55.6%
Eastern
Steve Nash
52.8%
birth nation
% Correct
Southern
Steve Nash
52.8%
Southern
Nene Hilario
52.1%
Northern
Oscar Robertson
51.4%
Western
Oscar Robertson
51.4%
Northern
Dominique Wilkins
50%
Eastern
Dominique Wilkins
50%
Eastern
Vlade Divac
50%
Western
John Havlicek
49.3%
Eastern
Predrag Stojakovic
48.6%
Southern
Andrew Bogut
47.2%
Eastern
Detlef Schrempf
46.5%
Southern
Leandro Barbosa
45.1%
Northern
Elvin Hayes
43.8%
Western
Elvin Hayes
43.8%
Eastern
Rik Smits
38.9%
Southern
Luis Scola
38.2%
Southern
Anderson Varejao
37.5%
Southern
Luc Longley
25%
Southern
Andres Nocioni
20.8%
Eastern
Kiki Vandeweghe
13.9%
Quiz Playlist
Details
Report
Send in Message
Add To Playlist
More Info:
Through 2009-10 season. Includes NBA totals only. Nation listed is current name of nation. # = active, * = hall of fame
Classic:
Type in answers that appear in a list
Last Updated: Feb 16, 2017
Quiz Scoreboard
CHALLENGE
Sign Up to Join the Scoreboard
Show All
Scores
Hide
Comments
May contain spoilers
Recently Published
Decade Duel: World Leaders
by jenniferyan
History
4m
Alphabetical 'K' Countries by Flag Minefield
by ylime102
Geography
3m
Pick 6: Fruits
by JohnFran
Miscellaneous
15s
More to Explore
Quiz From the Vault
Featured Blog Post
15 Basketball Trivia Facts You Can Be March Mad About
hide this ad
You Might Also Like...
Tags
This quiz does not have any tags.
Today's Top Quizzes in Sports
Browse Sports
hide this ad
Top Contributed Quizzes in Sports
1
Les joueurs à 100 buts en Ligue 1 Uber Eats
2
Pick 6: NFL Teams
3
2022 World Cup Stars
4
MLB 2 truths and a lie: Hall of Fame pitchers
5
Millionaire: NBA Finals Edition
6
Pick 6: Minor League Baseball
7
Criteria MLB: Left Handed Sluggers
8
Click the 1998 NBA Draft
9
Pick 6: Olympics
10
Don't Strike Out: 3000 Strikeouts
Explore More
Trending Topics
Disney
Harry Potter
Anime
NBA
Crossword
Kpop
Marvel
Song
NFL
WWE
Country
Puzzle
Soccer
Pokémon
The Office
hide this ad
More By:
cloycebox
Quiz
Plays
Rating
Category
Featured
Created
Ferris Bueller Groups
47,751
4.29
Movies
Nov 2, 2009
US Capitals West to East
40,982
4.56
Geography
Nov 4, 2009
US Capitals from North to South
2,922
4.56
Geography
Nov 6, 2009
African Capitals North to South
1,688
3.87
Geography
Nov 10, 2009
Population Vacation
761
3.82
Geography
Nov 7, 2009
Go to Creator's Profile
Score Distribution
Quiz Creator Spotlight
cloycebox
Follow
Send a Message
Quizzes Created
-
Created Quiz Play Count
-
More By This Creator
Popular Quizzes Today
1
Countries of Asia Without Outlines Minefield
2
Find the US States - No Outlines Minefield
3
Pick 6: Fruits
4
Alphabetical 'K' Countries by Flag Minefield
5
The Countries of the World
6
Find the Countries of Europe - No Outlines Minefield
7
Find the US States
8
US States
More Sports Quizzes
New York Mets Career Leaders
Quiz Lab
Trending Quizzes
Pick 6: Mountains
Pick 6: Harry Potter
Pick 6: Flags
Pick 6: NFL Teams
Pick 6: Movie Franchises
Recently Updated
NWSL Teams
pecheneg
Women's Final Four Teams by Year
bhenderson79
Presidents Quartet II
eogle
Anything But Clue(do)
eogle
Anything But Oceanian Capitals
eogle
Anything But 7
eogle
Anything But Thing
eogle
Word Ladder: February 29
pecheneg
Song Title Questions
pecheneg
Women's NCAA Tournament #1 Seeds
pecheneg
Trending Topics
Kpop
Harry Potter
Disney
Crossword
Anime
Marvel
NBA
WWE
NFL
Pokémon
Song
The Office
Puzzle
Soccer
Country
Your Account Isn't Verified!
In order to create a playlist on Sporcle, you need to verify the email address you used during registration. Go to your
Sporcle Settings
to finish the process.
Report this User
Report this user for behavior that violates our
Community Guidelines
.
Details:
Send Report
Go to the Sporcle.com Mobile Site →
Comments